Man zu li shi yu wen hua : ji nian Man zu ming ming 360 zhou nian lun ji /

Saved in:
நூற்பட்டியல் விவரங்கள்
குழும எழுத்தாளர்கள்: Zhong yang min zu da xue (China). Man xue yan jiu suo., Shenyang gu gong bo wu guan.
மற்ற எழுத்தாளர்கள்: Wang, Zhonghan., Zhi, Yunting., Guan, Jixin.
வடிவம்: புத்தகம்
மொழி:Chinese
வெளியீடப்பட்டது: Beijing : Zhong yang min zu da xue chu ban she : Xin hua shu dian Beijing fa xing suo fa xing, 1996.
பதிப்பு:Di 1 ban.
பகுதிகள்:
குறியீடுகள்: குறிச்சொல் இணை
குறியீடுகள் இல்லை, இந்த குறிச்சொல்லை முதலில் பதிவு செய்யுங்கள்!
LEADER 01861cam a2200409 a 4500
001 007734429-4
005 20024617112054.0
008 971212s1996 cc b f000 0 chi
010 |a 97462753 /ACN 
020 |a 7810560123 
035 0 |a ocm37260317 
040 |a DLC  |c DLC  |d MH-HY  |d CStRLIN 
050 0 0 |a DS731.M35  |b M376 1996 
245 0 0 |6 880-01  |a Man zu li shi yu wen hua :  |b ji nian Man zu ming ming 360 zhou nian lun ji /  |c Zhong yang min zu da xue Man xue yan jiu suo, Shenyang gu gong bo wu yuan he bian ; zhu bian Wang Zhonghan ; fu zhu bian Zhi Yunting, Guan Jixin. 
246 3 0 |6 880-02  |a Ji nian Man zu ming ming 360 zhou nian lun ji 
250 |6 880-03  |a Di 1 ban. 
260 |6 880-04  |a Beijing :  |b Zhong yang min zu da xue chu ban she :  |b Xin hua shu dian Beijing fa xing suo fa xing,  |c 1996. 
300 |a 311 p. ;  |c 21 cm. 
504 |a Includes bibliographical references. 
650 0 |a Manchus  |x History. 
650 0 |a Manchus  |x Social life and customs. 
700 1 |6 880-05  |a Wang, Zhonghan. 
700 1 |6 880-06  |a Zhi, Yunting. 
700 1 |6 880-07  |a Guan, Jixin. 
710 2 |6 880-08  |a Zhong yang min zu da xue (China).  |b Man xue yan jiu suo. 
710 2 |6 880-09  |a Shenyang gu gong bo wu guan. 
880 0 0 |6 245-01  |a 满族历史与文化 :  |b 纪念满族命名 360 周年论集 /  |c 中央民族大学满学研究所, 沈阳故宮博物院合编 ; 主编王钟翰 ; 副主编支运亭, 关纪新. 
880 3 0 |6 246-02  |a 纪念满族命名 360 周年论集 
880 |6 250-03  |a 第1版. 
880 |6 260-04  |a 北京 :  |b 中央民族大学出版社 :  |b 新华书店北京发行所发行,  |c 1996. 
880 1 |6 700-05  |a 王钟翰. 
880 1 |6 700-06  |a 支运亭. 
880 1 |6 700-07  |a 关纪新. 
880 2 |6 710-08  |a 中央民族大学 (China).  |b 满学研究所. 
880 2 |6 710-09  |a 沈阳故宮博物馆. 
988 |a 20021119 
906 |0 DLC